| 000 | 00572cam a22001932 4500 | ||
|---|---|---|---|
| 001 | 0000000104 | ||
| 005 | 20151217151744.0 | ||
| 008 | 070110s xx 000 0 eng d | ||
| 020 |
_a0471045802 : _cKES 2,150 |
||
| 040 |
_aKABU _cKABU |
||
| 100 | 1 |
_aBaldwin, Alfred L. _@0000148110 |
|
| 245 | 1 | 0 |
_aTheories of child development / _cAlfred L. Baldwin. |
| 260 |
_aNew York : _bJohn Wiley, _cc1967. |
||
| 300 |
_axii, 618 p. ; _c24 cm. |
||
| 650 | 0 |
_aChild psychology. _@0000148106 |
|
| 908 | _a070110 | ||
| 950 | _@1 | ||
| 999 |
_c4730 _d4730 |
||